000
00316nam a2200157Ia 4500
100
_a
Archer/Jeffrey
650
_a
Fiction
942
_c
BK
366
_f
20
245
_a
A matter of Honour
260
_b
Pan Books
_c
2003
082
_a
808.3
_b
ARC
300
_a
429
546
_a
ENGLISH
_c
Computers
999
_c
19780
_d
19780